| 000 | nam a22 7a 4500 | ||
|---|---|---|---|
| 999 |
_c4831 _d4831 |
||
| 003 | AKMAL | ||
| 005 | 20200710100748.0 | ||
| 008 | 20 s2020 my | e l 000 0 may d | ||
| 020 |
_a9789677011694 _cRM42.00 |
||
| 040 | _aAKMAL | ||
| 082 | 0 | 4 | _a343.5950553 MAL |
| 090 | 0 | 0 |
_a343.5950553 _bMAL |
| 110 | 1 |
_aMalaysia _9400 |
|
| 245 | 1 | 0 |
_aAkta Eksais dan Peraturan-peraturan (Akta 176) : _b(semua pindaan hingga 1 Mac, 2020) / _cdisusun semula oleh : Penasihat Undang-Undang MDC |
| 250 | _a2020 | ||
| 260 |
_aGombak, Kuala Lumpur : _bMDC Publishers, _c2020 |
||
| 300 |
_a252ms. ; _c26cm. |
||
| 490 | 1 | _aUndang-undang Malaysia | |
| 599 | _aDALAM PROSES | ||
| 650 | 1 | 0 |
_aExcise tax _xLaw and legislation _zMalaysia _9623 |
| 710 | 2 |
_aPenasihat Undang-Undang MDC _9405 |
|
| 830 | 0 |
_aUNDANG-UNDANG MALAYSIA _99195 |
|
| 942 |
_2ddc _cBOOK |
||